[Event "25th Magistral Barcelona 2020"]
[Site "Barcelona"]
[Date "2020.12.03"]
[Round "2.4"]
[White "Lopez Martinez, Josep Manuel"]
[Black "Alonso Rosell, Alvar"]
[Result "0-1"]
[WhiteElo "2542"]
[BlackElo "2552"]
[Annotator "ChessBase"]
[PlyCount "120"]
[EventDate "2020.12.02"]
[EventType "tourn"]
[EventCountry "ESP"]
[SourceTitle "playchess.com"]
[Source "ChessBase"]
[SourceQuality "1"]
[TimeControl "5400+30"]

1. d4 {[%emt 0:05:27]} f5 {[%emt 0:00:00]} 2. g3 {[%emt 0:01:45]} Nf6 {[%emt 0:00:00]} 3. Bg2 {[%emt 0:00:09]} g6 {[%emt 0:00:00]} 4. Nd2 {[%emt 0:10:17]} Bg7 {[%emt 0:01:57]} 5. e4 {[%emt 0:00:22]} fxe4 {[%emt 0:00:15]} 6. Nxe4 {[%emt 0:00:08]} Nxe4 {[%emt 0:02:52]} 7. Bxe4 {[%emt 0:00:09]} d5 {[%emt 0:00:35]} 8. Bg2 {[%emt 0:00:41]} Nc6 {[%emt 0:00:30]} 9. Ne2 Bg4 {[%emt 0:02:18]} 10. c3 {[%emt 0:05:49]} Qd6 {[%emt 0:09:19]} 11. h3 {[%emt 0:09:50]} Bf5 {[%emt 0:04:24]} 12. Nf4 e5 13. Nxd5 {[%emt 0:13:14]} O-O-O {[%emt 0:15:13]} 14. O-O {[%emt 0:02:46]} Be6 {[%emt 0:01:29]} 15. dxe5 Nxe5 {[%emt 0:00:06]} 16. Ne3 {[%emt 0:06:07]} Qa6 {[%emt 0:01:54]} 17. Qc2 {[%emt 0:01:10]} Kb8 {[%emt 0:07:08]} 18. Rd1 {[%emt 0:02:32]} Rxd1+ {[%emt 0:10:36]} 19. Qxd1 {[%emt 0:01:32]} Qd3 20. a3 {[%emt 0:26:57]} Rd8 {[%emt 0:11:58]} 21. Qxd3 {[%emt 0:00:16]} Nxd3 {[%emt 0:00:02]} 22. Bf1 {[%emt 0:07:48]} Nc5 {[%emt 0:18:20]} 23. h4 {[%emt 0:01:41]} Nb3 {[%emt 0:00:35]} 24. Rb1 {[%emt 0:00:05]} Bh6 {[%emt 0:00:16]} 25. Be2 {[%emt 0:01:17]} Nxc1 {[%emt 0:02:58]} 26. Rxc1 {[%emt 0:00:06]} Rd2 {[%emt 0:00:05]} 27. Bf3 {[%emt 0:02:43]} Bxe3 {[%emt 0:02:26]} 28. fxe3 {[%emt 0:00:02]} Rxb2 {[%emt 0:00:50]} 29. Rf1 {[%emt 0:01:04]} Kc8 30. Be4 {[%emt 0:00:13]} Kd7 {[%emt 0:02:28]} 31. Rf8 {[%emt 0:00:04]} Re2 {[%emt 0:01:33]} 32. Bxb7 {[%emt 0:01:10]} Rxe3 {[%emt 0:00:06]} 33. Kf2 {[%emt 0:00:20]} Rxc3 {[%emt 0:00:08]} 34. Rh8 {[%emt 0:00:19]} h5 {[%emt 0:01:39]} 35. a4 {[%emt 0:00:30]} Rc5 {[%emt 0:01:03]} 36. Ke3 {[%emt 0:00:55]} Kd6 {[%emt 0:00:20]} 37. Be4 {[%emt 0:00:15]} Bf7 {[%emt 0:01:28]} 38. Rh6 {[%emt 0:00:43]} Ke7 {[%emt 0:00:12]} 39. Rh8 {[%emt 0:00:27]} Rc3+ {[%emt 0:00:33]} 40. Kf2 {[%emt 0:00:33]} Rc4 {[%emt 0:00:06]} 41. Ke3 {[%emt 0:00:18]} Rxa4 {[%emt 0:00:11]} 42. Rc8 {[%emt 0:00:03]} Kd6 {[%emt 0:00:44]} 43. Rf8 {[%emt 0:00:07]} Ke7 {[%emt 0:01:44]} 44. Rc8 {[%emt 0:00:01]} Kd7 {[%emt 0:00:09]} 45. Rf8 {[%emt 0:00:05]} Be8 {[%emt 0:00:08]} 46. Rg8 {[%emt 0:01:06]} Ra6 {[%emt 0:01:21]} 47. Kd4 {[%emt 0:00:59]} Bf7 {[%emt 0:00:47]} 48. Rf8 {[%emt 0:00:12]} Be8 {[%emt 0:00:41]} 49. Rg8 {[%emt 0:00:26]} Rd6+ {[%emt 0:00:55]} 50. Kc5 {[%emt 0:00:15]} a5 {[%emt 0:00:16]} 51. Rf8 {[%emt 0:01:47]} a4 {[%emt 0:01:01]} 52. Rf3 {[%emt 0:00:08]} Ke6 {[%emt 0:00:30]} 53. Re3 {[%emt 0:00:11]} Kf6 {[%emt 0:00:21]} 54. Bd5 {[%emt 0:00:36]} Bd7 {[%emt 0:00:29]} 55. Rf3+ {[%emt 0:00:10]} Ke7 {[%emt 0:01:02]} 56. Rf7+ {[%emt 0:00:45]} Ke8 {[%emt 0:00:51]} 57. Rg7 {[%emt 0:00:30]} Rf6 {[%emt 0:00:46]} 58. Rg8+ {[%emt 0:00:18]} Ke7 {[%emt 0:00:01]} 59. Rg7+ {[%emt 0:00:42]} Kd8 {[%emt 0:00:01]} 60. Rg8+ {[%emt 0:00:43]} Be8 {[%emt 0:00:01]} 0-1

[Event "25th Magistral Barcelona 2020"]
[Site "Barcelona"]
[Date "2020.12.03"]
[Round "2.5"]
[White "Batsiashvili, Nino"]
[Black "Peralta, Fernando"]
[Result "1/2-1/2"]
[WhiteElo "2460"]
[BlackElo "2586"]
[Annotator "ChessBase"]
[PlyCount "123"]
[EventDate "2020.12.02"]
[EventType "tourn"]
[EventCountry "ESP"]
[SourceTitle "playchess.com"]
[Source "ChessBase"]
[SourceQuality "1"]
[TimeControl "5400+30"]

1. c4 {[%emt 0:00:00]} e6 {[%emt 0:00:01]} 2. Nc3 {[%emt 0:00:00]} Bb4 {[%emt 0:00:52]} 3. e4 {[%emt 0:00:00]} Ne7 {[%emt 0:02:41]} 4. d4 {[%emt 0:00:18]} c5 {[%emt 0:07:11]} 5. dxc5 {[%emt 0:04:32]} Bxc3+ {[%emt 0:05:15]} 6. bxc3 {[%emt 0:00:02]} Na6 {[%emt 0:01:51]} 7. Nf3 {[%emt 0:04:36]} O-O {[%emt 0:15:39]} 8. Be3 {[%emt 0:02:53]} Qa5 {[%emt 0:00:27]} 9. Rc1 {[%emt 0:00:45]} b6 {[%emt 0:08:57]} 10. cxb6 {[%emt 0:10:35]} axb6 {[%emt 0:00:07]} 11. Qd6 {[%emt 0:04:02]} Nc6 {[%emt 0:02:07]} 12. Bd3 {[%emt 0:00:18]} Nc5 {[%emt 0:02:54]} 13. Bb1 {[%emt 0:01:43]} Ba6 {[%emt 0:03:24]} 14. Nd2 {[%emt 0:03:51]} Na4 {[%emt 0:04:18]} 15. O-O {[%emt 0:17:07]} Nxc3 {[%emt 0:03:40]} 16. Bd3 {[%emt 0:08:21]} Na4 {[%emt 0:05:21]} 17. Qg3 {[%emt 0:11:02]} Qh5 {[%emt 0:02:38]} 18. f4 {[%emt 0:01:14]} Nc5 {[%emt 0:05:27]} 19. Bb1 {[%emt 0:00:02]} f6 {[%emt 0:06:04]} 20. Nb3 {[%emt 0:01:29]} d6 {[%emt 0:02:25]} 21. Qe1 {[%emt 0:12:39]} Rfd8 {[%emt 0:04:27]} 22. Rf3 {[%emt 0:00:19]} e5 {[%emt 0:04:14]} 23. Rh3 {[%emt 0:00:02]} Qf7 {[%emt 0:00:29]} 24. f5 {[%emt 0:02:20]} Nd7 {[%emt 0:04:27]} 25. Qh4 {[%emt 0:00:32]} Nf8 {[%emt 0:00:04]} 26. Bxb6 {[%emt 0:01:02]} Rdb8 {[%emt 0:00:09]} 27. Bf2 {[%emt 0:03:38]} Bxc4 {[%emt 0:00:59]} 28. Rhc3 {[%emt 0:00:06]} Bxb3 {[%emt 0:01:52]} 29. axb3 {[%emt 0:01:08]} Rxb3 {[%emt 0:01:18]} 30. Qg3 {[%emt 0:02:04]} Rxc3 {[%emt 0:03:00]} 31. Qxc3 {[%emt 0:00:02]} Ne7 {[%emt 0:00:08]} 32. Bc2 {[%emt 0:00:52]} Kh8 {[%emt 0:00:28]} 33. Bb3 {[%emt 0:01:02]} Qe8 {[%emt 0:00:41]} 34. Rd1 {[%emt 0:00:27]} d5 {[%emt 0:00:48]} 35. exd5 {[%emt 0:01:35]} Nxf5 {[%emt 0:00:06]} 36. d6 {[%emt 0:00:07]} Rd8 {[%emt 0:01:53]} 37. Qc4 {[%emt 0:00:16]} Nd7 {[%emt 0:00:08]} 38. Ba4 {[%emt 0:02:02]} e4 {[%emt 0:01:17]} 39. Qd5 {[%emt 0:00:36]} g6 {[%emt 0:00:54]} 40. g4 {[%emt 0:01:59]} Ng7 {[%emt 0:00:44]} 41. Bd4 {[%emt 0:00:29]} Qe6 {[%emt 0:00:20]} 42. Qxe6 {[%emt 0:01:27]} Nxe6 {[%emt 0:00:01]} 43. Bc3 {[%emt 0:01:37]} Nec5 {[%emt 0:00:13]} 44. Bxd7 {[%emt 0:00:36]} Nxd7 {[%emt 0:00:30]} 45. g5 {[%emt 0:00:02]} Kg8 {[%emt 0:00:53]} 46. gxf6 {[%emt 0:01:03]} Kf7 {[%emt 0:00:28]} 47. Kf2 {[%emt 0:00:28]} Nxf6 {[%emt 0:00:53]} 48. Ke3 {[%emt 0:00:37]} Ke6 {[%emt 0:00:36]} 49. Bxf6 {[%emt 0:00:42]} Kxf6 {[%emt 0:00:03]} 50. Kxe4 {[%emt 0:00:08]} Ke6 {[%emt 0:00:04]} 51. Kf4 {[%emt 0:00:33]} h6 {[%emt 0:01:02]} 52. Rd3 {[%emt 0:01:59]} Rxd6 {[%emt 0:00:18]} 53. Rh3 {[%emt 0:00:07]} g5+ {[%emt 0:01:06]} 54. Kg4 {[%emt 0:00:05]} Kf7 {[%emt 0:00:25]} 55. Kh5 {[%emt 0:00:19]} Kg7 {[%emt 0:00:30]} 56. Ra3 {[%emt 0:00:24]} Rd2 {[%emt 0:00:33]} 57. Ra7+ {[%emt 0:00:11]} Kf6 {[%emt 0:00:05]} 58. Ra6+ {[%emt 0:00:28]} Kf5 {[%emt 0:00:17]} 59. Ra5+ {[%emt 0:00:05]} Kf4 {[%emt 0:00:15]} 60. Ra4+ {[%emt 0:00:06]} Kf3 {[%emt 0:00:43]} 61. Kxh6 {[%emt 0:00:24]} Rxh2+ {[%emt 0:00:56]} 62. Kxg5 {[%emt 0:00:03]} 1/2-1/2

[Event "25th Magistral Barcelona 2020"]
[Site "Barcelona"]
[Date "2020.12.04"]
[Round "3.1"]
[White "Peralta, Fernando"]
[Black "Munoz, Miguel"]
[Result "0-1"]
[WhiteElo "2586"]
[BlackElo "2442"]
[Annotator "TA"]
[PlyCount "71"]
[EventDate "2020.12.02"]
[EventType "tourn"]
[EventCountry "ESP"]
[SourceTitle "playchess.com"]
[Source "ChessBase"]
[SourceQuality "1"]

{[%evp 19,71,37,79,77,72,76,102,105,137,96,195,176,159,156,241,246,253,223,245,143,129,124,93,56,44,50,63,0,0,5,12,0,44,48,119,122,151,112,260,269,366,282,279,259,278,279,446,315,311,84,127,0,0,0]} 1. d4 Nf6 2. c4 c5 3. d5 g6 4. Nc3 Bg7 5. e4 d6 6. h3 O-O 7. Nf3 e6 8. Bd3 exd5 9. exd5 Re8+ 10. Be3 Bh6 {10...Bh6 has lost popularity.} 11. O-O {E90: King's Indian: Classical: Early deviations and 6 h3.} Bxe3 12. fxe3 b6 13. Qd2 {White is better.} Ba6 14. Rf2 Qe7 (14... h6 $16 15. e4 Kg7) 15. e4 $18 Nbd7 16. Raf1 $1 Kg7 {[#]} (16... Rab8 $16 17. b3 Qf8) 17. e5 $1 {[%cal Re5f6][%mdl 512]} dxe5 18. Ng5 {[#]} Rf8 $146 {[#] With the idea ...h6.} ({Predecessor:} 18... h6 19. Nge4 Nxe4 20. Bxe4 f5 21. d6 Qf7 22. Bd5 Qf6 23. g4 Qh4 24. gxf5 Bxc4 25. Bxc4 Qxc4 26. fxg6 {1-0 (32) Fricot,F-Erofeev,S (2314) ICCF email 2002}) 19. Nce4 (19. d6 $1 $18 {[%cal Rd6e7]} Qe8 20. Nd5 Nxd5 21. cxd5 Bxd3 22. Rxf7+ (22. Qxd3 f5 $14) 22... Rxf7 23. Rxf7+ Qxf7 24. Nxf7 Kxf7 25. Qxd3) 19... Nxe4 $16 20. Bxe4 {Threatens to win with d6.} ({Reject} 20. Nxe4 $6 f5 $11) 20... f5 21. d6 Qf6 22. Bxa8 Rxa8 23. g4 (23. Qd5 $14 Re8 24. Qc6) 23... f4 $1 $11 24. Qd5 Re8 25. Qc6 Bc8 26. Ne4 $36 {[%mdl 2048] White has the initiative.} Qh4 ({Black should try} 26... Qf7 $14) 27. Rf3 $16 Qd8 28. Qc7 g5 (28... a5 $16 29. Qa7 Rg8) 29. Qxa7 $18 Kg6 30. Rd1 {[%cal Bf1d1,Bd1d2,Bd2g2][%mdl 32]} Rh8 31. Rd2 Qg8 32. b3 h5 (32... Qe6 {was worth a try.} 33. Rf1 Rg8) 33. Rg2 Qe6 {If only Black now had time for ...hxg4....} 34. Qa8 $2 (34. Rff2 $18 {is more deadly.}) 34... Nf6 $16 {[%cal Rh5g4]} 35. gxh5+ (35. Rd3 $16 {Strongly threatening d7!} Qd7 36. gxh5+ Rxh5 37. a4) 35... Rxh5 $11 36. Nxf6 {[%mdl 32768] Accuracy: White = 63%, Black = 43%. . Loss on time!?} 0-1

[Event "25th Magistral Barcelona 2020"]
[Site "Barcelona"]
[Date "2020.12.04"]
[Round "3.2"]
[White "Alonso Rosell, Alvar"]
[Black "Batsiashvili, Nino"]
[Result "1/2-1/2"]
[WhiteElo "2552"]
[BlackElo "2460"]
[Annotator "TA"]
[PlyCount "80"]
[EventDate "2020.12.02"]
[EventType "tourn"]
[EventCountry "ESP"]
[SourceTitle "playchess.com"]
[Source "ChessBase"]
[SourceQuality "1"]

{[%evp 9,80,2,18,20,33,17,6,8,18,6,50,19,24,22,0,-10,-10,0,0,0,0,-11,-14,-12,-6,-19,-13,-6,-10,-14,-18,-21,-24,-40,0,-20,0,0,0,0,0,0,0,0,0,0,0,0,10,5,5,6,12,0,0,0,0,0,0,0,0,0,0,0,0,0,0,0,0,0,0,0,0]} 1. Nf3 Nf6 2. g3 d5 3. Bg2 g6 4. c4 dxc4 5. Qa4+ Nbd7 6. Qxc4 {A09: Réti Opening: 1 Nf3 d5 2 c4.} Bg7 7. O-O O-O 8. d3 c6 9. Nc3 Qa5 10. h3 Ne5 {[#]} 11. Nxe5 $146 ({Predecessor:} 11. Qh4 Nxf3+ 12. Bxf3 Re8 13. b4 Qc7 14. Rb1 Be6 15. Bd2 Qd7 16. Bg2 Rad8 17. a4 {1-0 (29) Wohl,A (2355)-Markovitz,N (1994) Bangkok 2014}) 11... Qxe5 12. Bf4 Qh5 13. g4 Qa5 14. b4 Qd8 {[#] Threatens to win with ...Be6.} 15. Be5 Be6 16. Qf4 h5 {[%cal Rh5g4]} 17. g5 Nd5 18. Nxd5 Bxd5 19. Bxg7 Kxg7 20. Qd4+ Kg8 21. Bxd5 cxd5 22. Rac1 {The position is equal.} Qd7 23. Kg2 $1 b6 24. Rc2 Qf5 25. f4 Rac8 26. Rfc1 Rxc2 27. Rxc2 $11 {[%mdl 4096] Endgame KQR-KQR} f6 28. gxf6 Rxf6 29. Rc7 Qxf4 30. Qxf4 Rxf4 31. Rxe7 {KR-KR} a5 32. b5 Rb4 33. a4 Rxa4 {aiming for ...Rb4.} 34. Rb7 Rb4 35. Rxb6 Kf7 36. Rb8 a4 37. b6 a3 38. b7 a2 39. Ra8 Rxb7 {[#] And now ...Rb2 would win.} 40. Rxa2 Re7 {Weighted Error Value: White=0.04/Black=0.05} 1/2-1/2

[Event "25th Magistral Barcelona 2020"]
[Site "Barcelona"]
[Date "2020.12.04"]
[Round "3.3"]
[White "Ayats Llobera, Gerard"]
[Black "Lopez Martinez, Josep Manuel"]
[Result "1/2-1/2"]
[WhiteElo "2400"]
[BlackElo "2542"]
[Annotator "TA"]
[PlyCount "131"]
[EventDate "2020.12.02"]
[EventType "tourn"]
[EventCountry "ESP"]
[SourceTitle "playchess.com"]
[Source "ChessBase"]
[SourceQuality "1"]

{[%evp 11,131,-6,19,8,20,23,34,24,53,25,37,11,22,18,40,33,33,0,0,-4,4,0,34,16,54,51,83,75,98,20,51,-28,75,-10,-7,-16,-11,-21,-18,-34,0,0,0,-26,-25,-20,-29,-41,-33,-27,-17,-48,-44,-37,-50,-114,-77,-109,-106,-254,-192,-250,-164,-170,-89,-92,-92,-78,0,-255,0,-139,-78,-68,-50,-79,0,-75,-78,-80,-64,-54,-50,-75,-50,-73,0,-50,-55,-47,-44,-62,-61,-106,-90,-72,-47,-59,-51,-54,29,-71,-80,-66,-43,-97,-11,-45,0,0,0,0,0,0,0,0,0,0,0,0,0,0]} 1. e4 e5 2. Nf3 Nc6 3. g3 Nf6 4. d3 d5 5. exd5 Nxd5 6. Bg2 Be7 7. O-O {C44: Ponziani Opening and Scotch Gambit.} O-O 8. Re1 Bf6 9. Nbd2 {White is slightly better.} g6 10. Nc4 {[%cal Rf3e5]} Re8 11. Bh6 Nb6 12. Ncd2 Bg7 13. Bxg7 Kxg7 {[#]} 14. Re3 $146 ({Predecessor:} 14. Ne4 Nd5 15. Qd2 Rb8 16. Nc3 Nb6 17. Re3 Bf5 18. Rae1 f6 19. b3 Qd7 20. a4 {1-0 (32) Bak,A (2050)-Biswas,K (1729) England 2015}) 14... f6 15. c3 Be6 16. Qc2 Bf7 17. Rae1 Qd7 ({Much worse is} 17... Bxa2 $6 18. b3 $18) 18. Ne4 Nd5 19. R3e2 b6 20. h4 (20. b4 $1 $16) 20... Rad8 21. a3 (21. b4 $1 $14) 21... a5 (21... Be6 $11) 22. Kh2 (22. b4 $16) 22... Nde7 $11 23. Rd2 Nf5 24. Kg1 h5 25. Nh2 Nd6 26. Red1 Be6 27. Nf1 Nf5 28. Re1 Nce7 29. Nh2 c5 30. Nf3 Nc6 31. Nh2 Nd6 32. Nf1 Nf7 33. Qc1 (33. Rdd1 $15) 33... a4 34. Qc2 Na5 35. Nh2 (35. f3 $17 {was worth a try.}) 35... Bb3 36. Qc1 (36. Qb1 {keeps fighting.}) 36... Bd5 37. Rdd1 Qb7 (37... f5 $1 $19 {Hoping for ...Qb7.} 38. c4 Nb3) 38. Bf1 $17 Bb3 39. Rd2 Qd7 $2 (39... f5 $17 40. Ng5 Nxg5 41. hxg5 b5) 40. Bg2 $1 $19 Bd5 (40... f5 $19 41. Ng5 Nxg5 42. hxg5 e4 $1 {[%mdl 512]}) 41. Rdd1 $1 $17 {[#]} Nb3 (41... f5 $142 $1 42. c4 Nb3) 42. Qe3 Qb7 {And now ...f5 would win.} 43. Bf1 Qd7 44. Bg2 $1 Bc6 45. Rf1 Nd6 46. Nxd6 Qxd6 47. Be4 Na5 48. Rfe1 Bxe4 (48... Bd7 $17) 49. Qxe4 (49. dxe4 $5 {[%cal Rd1d6]} Qxd1 50. Rxd1 Rxd1+ 51. Nf1 $15) 49... b5 50. Nf1 Nc6 51. Ne3 Re7 52. g4 {gxh5 would now be nice for White.} hxg4 53. Qxg4 Qd7 54. Qg3 Rh8 55. Ng2 Qf5 ({Better is} 55... Kf7 $15) 56. d4 (56. Qe3 $11) 56... cxd4 57. cxd4 Rhe8 58. Ne3 {[#]} (58. dxe5 $15 Nxe5 59. Re3) 58... Qf4 ({Black should try} 58... Qh5 $1 $17 59. Nd5 Rd7 60. dxe5 Rxe5) 59. d5 (59. Nd5 {keeps more tension.} Qxg3+ 60. fxg3 Rb7 61. dxe5 Nxe5 62. Kg2) 59... Nd4 {Strongly threatening ...Nf3+.} (59... Qxg3+ {is more complex.} 60. fxg3 Nd4 61. Kg2 Rc7 62. Rc1 Rec8) 60. Qxf4 {The position is equal.} exf4 61. Rxd4 fxe3 62. Rxe3 Rxe3 63. fxe3 Rxe3 $11 {KR-KR} 64. Kf2 Re5 65. d6 {Black must now prevent d7.} Re8 66. Rd5 {Weighted Error Value: White=0.22/Black=0.31} 1/2-1/2

[Event "25th Magistral Barcelona 2020"]
[Site "Barcelona"]
[Date "2020.12.04"]
[Round "3.4"]
[White "Milliet, Sophie"]
[Black "Grigoryan, Karen H."]
[Result "0-1"]
[WhiteElo "2401"]
[BlackElo "2659"]
[Annotator "TA"]
[PlyCount "82"]
[EventDate "2020.12.02"]
[EventType "tourn"]
[EventCountry "ESP"]
[SourceTitle "playchess.com"]
[Source "ChessBase"]
[SourceQuality "1"]

{[%evp 10,82,10,10,5,36,22,32,51,34,50,35,45,24,44,29,56,54,55,39,41,34,37,32,63,0,0,0,0,0,0,0,0,0,52,0,53,-1,-13,0,-18,0,14,10,13,-97,-81,-84,-96,-125,-136,-138,-128,-140,-139,-185,-182,-190,-183,-182,-189,-246,-212,-310,-289,-439,-458,-520,-455,-442,-429,-518,-508,-539,-531]} 1. e4 c5 2. Nf3 Nc6 3. Bb5 g6 4. O-O Bg7 5. c3 Nf6 6. Re1 Qb6 {B31: Sicilian: 2...Nc6 3 Bb5 g6.} 7. Na3 {[%cal Bb1a3,Ba3c4,Bc4e3][%mdl 32]} O-O 8. e5 {[#] Hoping for Bxc6.} Nd5 {White is slightly better.} 9. Bc4 Nc7 10. Bf1 Ne8 {[#]} 11. Nc4 $146 ({Predecessor:} 11. Nc2 d5 12. d4 cxd4 13. Ncxd4 Bg4 14. h3 Bxf3 15. Nxf3 Rd8 16. Qc2 Qc7 17. Bf4 {0-1 (49) Stabenow,J-Trautmann,K DDR 1971}) 11... Qd8 12. d4 cxd4 $1 13. cxd4 d5 14. Ne3 f6 15. b3 Nc7 {[%cal Rf6e5]} 16. Bb2 f5 17. g3 (17. Nc2 $14) 17... f4 $11 18. Ng2 Bg4 {aiming for ...fxg3.} 19. Be2 Qd7 20. Nxf4 Rxf4 21. gxf4 Rf8 (21... Ne6 $1 $11) 22. Kh1 (22. Nh4 $1 $14 Bxe2 23. Qxe2 (23. Rxe2 Bh6 $14)) 22... Ne6 ({Black should play} 22... Rxf4 $11 23. Rg1 Ne6) 23. Ng5 ({Better is} 23. Ng1 $14 Bxe2 24. Nxe2) 23... Bxe2 24. Qxe2 Nxf4 25. e6 $1 {[%cal Re6d7]} Qd6 26. Qe3 Rf5 27. Nf7 (27. Rg1 $11 {remains equal.}) 27... Qxe6 $1 $17 28. Qxe6 Nxe6 29. Nd6 Rxf2 30. Rxe6 Rxb2 ({Much less strong is} 30... exd6 31. Bc3 $17) 31. Rf1 Bf6 ({Don't do} 31... Rxa2 32. Nxb7 Rc2 33. Nd6 $17) 32. Nxb7 Nxd4 33. Ree1 Rxa2 34. Nc5 Nf5 35. Nd7 (35. Nd3 $142) 35... Bc3 $19 36. Re6 (36. Rc1 {is a better defense.} d4 37. Nc5) 36... Bb4 37. Rc1 (37. Kg1 $142) 37... Bd6 {Black is clearly winning.} 38. Ne5 Re2 39. Rxd6 Nxd6 40. Nc6 Nf5 41. Ra1 d4 {Accuracy: White = 59%, Black = 91%.} 0-1

[Event "25th Magistral Barcelona 2020"]
[Site "Barcelona"]
[Date "2020.12.04"]
[Round "3.5"]
[White "Narciso Dublan, Marc"]
[Black "Daulyte-Cornette, Deimante"]
[Result "1-0"]
[WhiteElo "2492"]
[BlackElo "2400"]
[Annotator "TA"]
[PlyCount "121"]
[EventDate "2020.12.02"]
[EventType "tourn"]
[EventCountry "ESP"]
[SourceTitle "playchess.com"]
[Source "ChessBase"]
[SourceQuality "1"]

{[%evp 10,121,36,24,45,38,51,46,45,41,51,51,52,46,43,37,39,45,34,29,32,13,20,21,66,68,67,76,72,66,70,69,70,58,96,91,99,118,170,164,146,115,120,91,100,103,117,78,76,71,73,74,117,106,153,145,193,186,162,178,168,178,176,121,155,163,204,183,233,229,371,370,411,411,406,374,1161,998,29967,29970,29962,29963,29966,29967,29971,29974,29973,29974,29973,29975,29975,29976,29976,29977,29978,29976,29976,29977,29977,29978,29978,29979,29979,29980,29980,29981,29981,29982,29982,29983,29983,29984,29986,29987]} 1. d4 d5 2. c4 e6 3. Nf3 Nf6 4. Bg5 dxc4 5. e4 Be7 6. Nc3 h6 {D53: Queen's Gambit Declined: 4 Bg5 Be7: Early deviations.} 7. Bxf6 Bxf6 8. e5 Be7 {White is slightly better.} 9. Bxc4 O-O 10. O-O Nd7 {[%cal Bb8d7,Bd7b6,Bb6d5][%mdl 32]} 11. Qe2 Nb6 12. Bd3 Nd5 13. Qe4 {[%csl Gd3][%cal Re4h7] [#]} g6 {[#]} 14. Rfd1 $146 ({Predecessor:} 14. h4 Qe8 15. h5 Kg7 16. g3 f5 17. exf6+ Bxf6 18. Ne5 Ne7 19. Ne2 Bxe5 20. dxe5 {1-0 (61) Bondick,K (2082)-Lie,T (1596) Dresden 2013}) 14... b6 15. Bc4 {[%cal Rc4d5]} Bb7 {White should prevent ...Nxc3.} 16. Bxd5 Bxd5 17. Nxd5 exd5 18. Qc2 Qd7 19. Rac1 c5 20. dxc5 bxc5 21. Qd2 Rfd8 22. Qxh6 Qf5 23. Re1 Bf8 (23... Qh5 $16 {was worth a try.} 24. Qxh5 gxh5) 24. Qh4 $18 {And now Ng5 would win.} Qh5 25. Qxh5 gxh5 26. e6 {Hoping for e7.} fxe6 27. Rxe6 Re8 28. Rxe8 (28. Rg6+ {seems wilder.} Kf7 29. Ra6 c4 30. Ng5+ Kg8 31. Rg6+) 28... Rxe8 $16 {[%mdl 4096] Endgame KRB-KRN} 29. Kf1 Rb8 30. b3 a5 31. Ne5 Rc8 {[#]} 32. Nd7 $1 Be7 33. Nb6 Rd8 34. Rd1 d4 35. Ke2 Rb8 36. Nd5 (36. Nc4 $18) 36... Bg5 37. Kd3 a4 38. Kc4 axb3 39. axb3 Rf8 (39... Bh6 {might work better.} 40. Rd3 (40. Kxc5 Rxb3 41. Kxd4 Rb2 $18) 40... Rf8) 40. f4 $18 Bxf4 41. Nxf4 Rxf4 42. Kxc5 {KR-KR} Rf2 $2 (42... Rf5+ 43. Kxd4 Rf8) 43. Rxd4 Rxg2 44. h4 {White mates.} Kf7 45. b4 Rc2+ 46. Rc4 Rb2 47. b5 Ke7 48. Kc6 Kd8 49. Rc5 Kc8 50. Rxh5 {[%cal Rh5h8]} Rc2+ 51. Kb6 Rb2 52. Rh8+ Kd7 53. h5 Ke7 54. h6 Kf7 55. Kc6 Rc2+ 56. Kb7 Rb2 57. b6 {[%cal Bb5b6,Bb6b7][%mdl 32]} Kg6 58. Kc7 Rc2+ 59. Kb8 Rb2 60. b7 Ra2 61. Kc7 {Weighted Error Value: White=0.05/Black=0.28} 1-0

[Event "25th Magistral Barcelona 2020"]
[Site "Barcelona"]
[Date "2020.12.05"]
[Round "4.1"]
[White "Munoz, Miguel"]
[Black "Daulyte-Cornette, Deimante"]
[Result "1/2-1/2"]
[WhiteElo "2442"]
[BlackElo "2400"]
[Annotator "TA"]
[PlyCount "30"]
[EventDate "2020.12.02"]
[EventType "tourn"]
[EventCountry "ESP"]
[SourceTitle "playchess.com"]
[Source "ChessBase"]
[SourceQuality "1"]

{[%evp 17,30,0,81,37,43,0,0,0,0,0,0,0,0,0,0]} 1. e4 {Malakoff/Primel,D} c5 2. Nf3 Nc6 3. c3 Nf6 4. e5 Nd5 5. d4 cxd4 6. Bc4 Nb6 7. Bb3 d5 8. exd6 Qxd6 9. O-O d3 (9... Be6 $11) 10. Ng5 {[%mdl 1024] White has strong compensation. B22: Sicilian: 2 c3.} e6 11. Qf3 Ne5 {The position is equal.} 12. Qg3 {Threatens to win with Bf4.} Ng6 $1 {[#]} 13. Qf3 $146 ({Predecessor:} 13. Rd1 Qxg3 14. hxg3 Ne5 15. Nd2 Be7 16. Ndf3 Ned7 17. Ne4 f5 18. Neg5 Nc5 19. Ne5 Nbd7 20. Nxd3 Nxd3 21. Nxe6 Nxc1 22. Raxc1 {0-1 (64) Sveshnikov,E (2554)-Shirazi,K (2415) Malakoff 2009 EXT 2010 [Malakoff/Primel,D]}) 13... Ne5 14. Qg3 {Hoping for Bf4.} Ng6 $1 15. Qf3 Ne5 {White got outplayed after the opening.  Weighted Error Value: White=0.12/Black=0.11} 1/2-1/2